|
|
|
|
| LEADER |
01948nam a2200481 aa4500 |
| 001 |
nkc20092010947 |
| 003 |
CZ PrNK |
| 005 |
20220225101706.0 |
| 007 |
ta |
| 008 |
091207s2009 xr a d p 000 0 slo |
| 015 |
|
|
|a cnb002010947
|
| 020 |
|
|
|a 978-80-7397-028-4
|q (učebnica a pracovný zošit ;
|q brož.)
|
| 035 |
|
|
|a (OCoLC)500014981
|
| 040 |
|
|
|a ABA001
|b cze
|
| 041 |
1 |
|
|a slo
|a ger
|h ita
|
| 072 |
|
7 |
|a 811.112.2
|x Němčina
|2 Konspekt
|9 11
|
| 072 |
|
7 |
|a 37.016
|x Učební osnovy. Vyučovací předměty. Učebnice
|2 Konspekt
|9 22
|
| 080 |
|
|
|a 811.112.2
|2 MRF
|
| 080 |
|
|
|a (075.3)
|2 MRF
|
| 080 |
|
|
|a (076.1)
|2 MRF
|
| 100 |
1 |
|
|a Motta, Giorgio
|7 mzk2005279265
|4 aut
|
| 245 |
1 |
0 |
|a Direkt 2 :
|b nemčina pre stredné školy /
|c Giorgio Motta, Beata Ćwikowska, Helena Hanuljaková
|
| 246 |
3 |
0 |
|a Nemčina pre stredné školy
|
| 250 |
|
|
|a 1. vyd.
|
| 260 |
|
|
|a Praha :
|b Klett,
|c 2009
|
| 300 |
|
|
|a 1 sv. :
|b il. (některé barev.) ;
|c 30 cm
|
| 500 |
|
|
|a Část. přeloženo z italštiny?
|
| 500 |
|
|
|a "Spoločný európsky referenčný rámec A2, B1"--Obálka
|
| 505 |
1 |
|
|a učebnica a pracovný zošit. 2009. 271 s. + 1 CD
|
| 650 |
0 |
7 |
|a němčina
|7 ph115512
|2 czenas
|
| 650 |
0 |
9 |
|a German language
|2 eczenas
|
| 655 |
|
7 |
|a učebnice středních škol
|7 fd133771
|2 czenas
|
| 655 |
|
7 |
|a pracovní sešity
|7 fd133116
|2 czenas
|
| 655 |
|
9 |
|a textbooks (secondary)
|2 eczenas
|
| 655 |
|
9 |
|a activity books
|2 eczenas
|
| 700 |
1 |
|
|a Ćwikowska, Beata
|7 mzk2006353856
|4 aut
|
| 700 |
1 |
|
|a Hanuljaková, Helena
|7 mzk2005271817
|4 aut
|4 trl
|
| 910 |
2 |
|
|a BOA001
|b 4-1232.955
|s učebnica a pracovný zošit-
|
| 990 |
|
|
|a BK
|
| 995 |
|
|
|a 01
|
| 991 |
|
|
|b 200912
|c NOV
|
| 996 |
6 |
|
|b 2610404460
|c 4-1232.955
|d 1, učebnica a pracovný zošit
|v 1
|l MZK
|r Sklad / do 1 hodiny
|n 4
|p p.v.
|w 000977680
|u 000010
|a 1
|e BOA001
|j MZK50
|s P
|
| 996 |
7 |
|
|b 2610503779
|c 4-1232.955
|d 1, učebnica a pracovný zošit
|v 1
|l MZK
|r Sklad / do 1 hodiny
|n 17
|p dar
|w 000977680
|u 000020
|a 1
|e BOA001
|j MZK50
|s A
|